| 000 -LEADER |
| fixed length control field |
00894nam a2200217Ia 4500 |
| 001 - CONTROL NUMBER |
| control field |
15699 |
| 003 - CONTROL NUMBER IDENTIFIER |
| control field |
GE_BSU |
| 008 - FIXED-LENGTH DATA ELEMENTS--GENERAL INFORMATION |
| fixed length control field |
181216s||||||||xx |||||||||||||| ||und|| |
| 040 ## - CATALOGING SOURCE |
| Transcribing agency |
GE_BSU |
| 080 ## - UNIVERSAL DECIMAL CLASSIFICATION NUMBER |
| Universal Decimal Classification number |
821.353.1-92 |
| 100 ## - MAIN ENTRY--PERSONAL NAME |
| Personal name |
წერეთელი, გიორგი |
| 245 ## - TITLE STATEMENT |
| Title |
თხზულებათა სრული კრებული.ტ. 1 |
| 245 ## - TITLE STATEMENT |
| Remainder of title |
პუბლიცისტური წერილები, 1862-1868. |
| 245 ## - TITLE STATEMENT |
| Statement of responsibility, etc. |
სიმონ ხუნდაძის რედ., წინასიტყვ. და შენიშვნებით. |
| 260 ## - PUBLICATION, DISTRIBUTION, ETC. |
| Place of publication, distribution, etc. |
ტფილისი |
| 260 ## - PUBLICATION, DISTRIBUTION, ETC. |
| Date of publication, distribution, etc. |
1931 |
| 300 ## - PHYSICAL DESCRIPTION |
| Extent |
458გვ.ფოტოსურათები.22სმ. |
| 653 ## - INDEX TERM--UNCONTROLLED |
| Uncontrolled term |
თხზულებათა სრული კრებული |
| 653 ## - INDEX TERM--UNCONTROLLED |
| Uncontrolled term |
პუბლიცისტური წერილები |
| 942 ## - ADDED ENTRY ELEMENTS (KOHA) |
| Koha item type |
წიგნი |